• Filosofi di varie altre lingue

di Genre/Form Term

Records bibliografici associati: 1

001 - CONTROL NUMBER

  • control field: 61929

003 - CONTROL NUMBER IDENTIFIER

  • control field:

005 - DATE AND TIME OF LATEST TRANSACTION

  • control field: 20250320182433.0

008 - FIXED-LENGTH DATA ELEMENTS

  • fixed length control field: 250320|| aca||aabn | a|a d

040 ## - CATALOGING SOURCE

  • Original cataloging agency:
  • Transcribing agency:

155 ## - HEADING--GENRE/FORM TERM

  • Genre/form term: Filosofi di varie altre lingue
  • General subdivision: Spinoza Baruch de, 1632-1677

670 ## - SOURCE DATA FOUND

  • Source citation: Work cat.: ()360457: Spinoza, Baruch de, 1632-1677. Spinoza, Benedictus de, 61928, Die Ethik nach geometrischer Methode dargestellt /, 1989 (Nachdruck).
CREDITS: SOCIETA' SAN PAOLO Via A.Severo, 58 - ROMA (RM) & PERIODICI SAN PAOLO SRL Via Giotto, 36 MILANO & CISF Via Giotto, 36 MILANO & EDIZIONI SAN PAOLO SRL,  Piazza Soncino, 5 CINISELLO BALSAMO (MI) -- ITALY